| 000 | 00560nam a22002057a 4500 | ||
|---|---|---|---|
| 003 | OSt | ||
| 005 | 20140310182928.0 | ||
| 008 | 130130t xxu||||| |||| 00| 0 eng d | ||
| 020 | _a9712717259 | ||
| 050 |
_aPL 5535 _b.L151 2006 |
||
| 082 |
_aFIL 899.210301 _bL151 2006 |
||
| 245 |
_aLatitude : _bwriting from the Philippines and Scotland _cLacuesta, Angelo |
||
| 260 |
_aManila : _bAnvil, _cc2006. |
||
| 300 |
_a172 p. ; _c 22 cm. |
||
| 521 | _acollege students | ||
| 526 | _c1210L-1700L | ||
| 541 | _j1 | ||
| 562 | _e1 | ||
| 942 |
_2lcc _cBK _kFIL |
||
| 999 |
_c17460 _d17460 |
||